[Event "22nd OIBM 2018"]
[Site "Gmund am Tegernsee"]
[Date "2018.10.27"]
[Round "1"]
[White "Lutz, Albert"]
[Black "Nisipeanu, Liviu-Dieter"]
[Result "0-1"]
[WhiteElo "2139"]
[BlackElo "2667"]
[Annotator "TA"]
[PlyCount "52"]
[EventDate "2018.10.27"]
[EventType "swiss"]
[EventCountry "GER"]
[SourceTitle "playchess.com"]
[Source "ChessBase"]
[SourceQuality "1"]

{[%evp 11,52,-13,5,-26,-2,0,0,-36,-24,-74,-80,-71,-73,-75,-74,-74,-66,-149,-111,-130,-127,-102,-144,-202,-200,-180,-187,-178,-147,-274,-283,-301,-286,-703,-708,-756,-752,-903,-731,-1150,-1150,-1816,-1802]} 1. Nf3 Nf6 2. c4 e6 3. g3 d5 4. Bg2 d4 5. O-O c5 6. d3 Nc6 {LiveBook: 139 Games} 7. Bf4 {A09: Réti Opening: 1 Nf3 d5 2 c4} (7. e3 Bd6 8. a3 a5 9. Nbd2 O-O 10. e4 e5 11. h3 Bd7 12. Nh2 Qc8 13. f4 Bxh3 14. f5 Bxg2 15. Kxg2 {½-½ (31) Aronian,L (2780)-Yilmaz,M (2633) Batumi 2018}) 7... Bd6 8. Bxd6 Qxd6 9. Nbd2 {The position is equal.} O-O 10. Ne4 $146 ({Predecessor:} 10. Rb1 Bd7 11. Ng5 a6 12. Nde4 Qe7 13. Nxf6+ Qxf6 14. Ne4 Qe7 {0-1 (39) Becher,A (1259)-Bluebaum,J (1443) Willingen 2004}) 10... Nxe4 11. dxe4 e5 12. Ne1 Be6 13. b3 a6 14. a4 {[#]} (14. Nd3 $15) 14... b5 $1 $17 {[%mdl 512]} 15. axb5 axb5 16. cxb5 {Threatens to win with Rxa8.} Na5 {[%cal Bc6a5,Ba5c4,Bc4e5][%mdl 32]} 17. b4 (17. f4 $17 {was worth a try.}) 17... cxb4 $19 18. Nd3 b3 {[%cal Bb4b3,Bb3b2][%mdl 32]} 19. f4 Nc4 {...Ne3 is the strong threat.} 20. fxe5 (20. Rxa8 $17 Rxa8 21. Qxb3) 20... Nxe5 21. Nf4 Bc4 22. Ra6 $2 (22. Rb1) 22... Qc5 {Black is clearly winning.} 23. Kh1 b2 24. Nd5 Ba2 25. Rxa2 Rxa2 26. Qb1 Qa3 {Precision: White = 18%, Black = 77%.} 0-1

[Event "22nd OIBM 2018"]
[Site "Gmund am Tegernsee"]
[Date "2018.10.27"]
[Round "1"]
[White "Reck, Moritz"]
[Black "Kovalenko, Igor"]
[Result "0-1"]
[WhiteElo "2136"]
[BlackElo "2646"]
[Annotator "TA"]
[PlyCount "44"]
[EventDate "2018.10.27"]
[EventType "swiss"]
[EventCountry "GER"]
[SourceTitle "playchess.com"]
[Source "ChessBase"]
[SourceQuality "1"]

{[%evp 9,44,-23,-13,-17,-10,-58,-40,-64,-48,-67,-28,-45,-8,-27,-27,-27,-26,-33,-43,-65,-64,-63,-62,-87,-58,-85,-72,-93,-89,-85,-61,-81,-61,-112,-90,-29997,-29998]} 1. g3 d5 2. Bg2 c6 3. d3 h5 {[%cal Bh7h5,Bh5h4][%mdl 32]} (3... Nf6 4. Nd2 e5 5. Ngf3 Bd6 6. e4 dxe4 7. dxe4 O-O 8. O-O Qe7 9. b3 Bg4 10. Nc4 Bxf3 11. Qxd6 Qxd6 12. Nxd6 Bxg2 13. Kxg2 b6 14. Rd1 {1-0 (42) Duda,J (2717)-Wojtaszek,R (2736) Katowice 2017}) 4. e4 $146 ({Predecessor:} 4. Nc3 h4 5. gxh4 e5 6. e4 d4 7. Nce2 Qxh4 8. Nf3 Qe7 9. Ng3 g6 10. Bg5 f6 11. Bd2 {0-1 (45) Neumann,F-Matros,A (2450) ICC INT 2009}) 4... dxe4 5. dxe4 Qxd1+ 6. Kxd1 {A00: Irregular Openings} h4 7. Bg5 e5 8. Nd2 {Black is slightly better.} Na6 9. Nb3 b6 10. c3 Be7 11. Be3 Nf6 12. f3 Be6 13. g4 Nd7 $36 {[%mdl 2048] Black is more active.} 14. Nh3 Nac5 15. Nxc5 Bxc5 ({Much weaker is} 15... bxc5 $6 16. Ng5 $11) 16. Re1 Ke7 17. Kc2 a5 {[%cal Ba7a5,Ba5a4][%mdl 32]} 18. Ng5 Bxe3 19. Rxe3 Nc5 20. Bf1 Rhd8 21. Ree1 (21. Nxe6 $15 Nxe6 22. a4) 21... a4 22. Red1 $2 {[%mdl 8192] [#]} (22. Nxe6 $17 Nxe6 23. Rad1) 22... Bb3+ $1 {[%mdl 512] Precision: White = 15%, Black = 65%.} 0-1

[Event "22nd OIBM 2018"]
[Site "Gmund am Tegernsee"]
[Date "2018.10.27"]
[Round "1"]
[White "Van den Bersselaar, Jeroen"]
[Black "Hovhannisyan, Robert"]
[Result "0-1"]
[WhiteElo "2133"]
[BlackElo "2621"]
[Annotator "TA"]
[PlyCount "54"]
[EventDate "2018.10.27"]
[EventType "swiss"]
[EventCountry "GER"]
[SourceTitle "playchess.com"]
[Source "ChessBase"]
[SourceQuality "1"]

{[%evp 9,54,0,8,-21,-8,-15,-18,-27,-17,-17,-24,-31,-27,-23,-31,-24,-27,-39,-35,-58,-43,-51,-29,-37,-37,-30,0,0,0,-24,0,0,0,5,0,0,0,10,75,0,0,-52,-12,-314,-305,-1508,-1513]} 1. d4 Nf6 2. Nf3 d5 3. e3 c5 4. c3 e6 5. Nbd2 b6 {LiveBook: 6 Games} (5... Nc6 6. Bd3 Be7 7. O-O O-O 8. Ne5 Nd7 9. f4 f5 10. g4 Nf6 11. gxf5 exf5 12. Ndf3 Ne4 13. Qe2 Rf6 14. Kh1 Rh6 15. Rg1 Nxe5 16. Nxe5 {0-1 (62) Kramnik,V (2812)-Vachier Lagrave,M (2789) Paris 2016 CBM 173 [Mekhitarian,K]}) 6. Ne5 {D05: Colle System with ...e6} Bd6 (6... Nbd7 {is more complex.} 7. Bb5 Qc7 8. O-O a6 9. Bc6 Bb7) 7. f4 O-O 8. Be2 {The position is equal.} Bb7 9. O-O Nc6 {[%cal Bb8c6,Bc6e7,Be7f5][%mdl 32]} 10. b3 $146 ({Predecessor:} 10. Ndf3 Rc8 11. Nxc6 Bxc6 {0-1 (36) Bester,K (706)-Kolanek,R (2043) LSS email 2011}) 10... Ne7 11. Qe1 Nf5 12. Rf3 h5 13. Rh3 g6 14. Nf1 Ne4 15. Ng3 Bxe5 16. dxe5 Nfxg3 17. hxg3 f5 18. exf6 $1 Qxf6 19. Bb2 Rae8 {[%cal Ba8e8,Be8e5,Be5g5][%mdl 32]} 20. Bd3 Nd6 21. g4 $1 {[%cal Rg4h5]} hxg4 22. Rh4 c4 $36 {[%mdl 2048] Black has some pressure.} 23. Bc2 e5 (23... Rf7 $1 $11) 24. fxe5 (24. Rxg4 $16 Nf5 25. Bxf5 Qxf5 26. Rg5) 24... Rxe5 $11 {Threatens to win with ...Bc8.} 25. Rxg4 (25. Ba3 $11 Rg5 26. Rd1) 25... Rg5 $1 $15 {[%cal Rg5g4]} 26. Rf4 $2 {[%mdl 8192] [#]} (26. Rxg5 $11 Qxg5 27. Qe2) 26... d4 $1 $19 27. Qf1 $2 {[#]} (27. Qd2 dxe3 28. Rxf6 Rxf6 29. Qe2 Rxg2+ 30. Qxg2 Bxg2 31. Ba3) 27... Bxg2 $1 {[%mdl 512] Precision: White = 42%, Black = 56%.} 0-1

[Event "22nd OIBM 2018"]
[Site "Gmund am Tegernsee"]
[Date "2018.10.27"]
[Round "1"]
[White "Ditter, Juergen"]
[Black "Braun, Arik"]
[Result "0-1"]
[WhiteElo "2131"]
[BlackElo "2603"]
[Annotator "TA"]
[PlyCount "70"]
[EventDate "2018.10.27"]
[EventType "swiss"]
[EventCountry "GER"]
[SourceTitle "playchess.com"]
[Source "ChessBase"]
[SourceQuality "1"]

{[%evp 25,70,-41,-26,-55,0,-58,-67,-74,-62,-89,-78,-116,-56,-122,-56,-177,-125,-204,-108,-331,-284,-273,-187,-213,-189,-361,-353,-371,-354,-360,-342,-518,-488,-592,-430,-424,-420,-396,-400,-539,-518,-858,-668,-2428,-1285,-29986,-29987]} 1. e4 c6 2. d4 d5 3. Nc3 dxe4 4. Nxe4 Bf5 5. Ng3 Bg6 6. Nf3 Nd7 7. h4 h6 8. h5 Bh7 9. Bd3 Bxd3 10. Qxd3 e6 11. Bd2 Ngf6 12. O-O-O Be7 13. c4 {B19: Classical Caro-Kann: 4...Bf5 main line} (13. Kb1 O-O 14. Ne4 c5 15. g4 Nxg4 16. Qe2 Qb6 17. Ne5 Ndxe5 18. dxe5 f5 19. exf6 Nxf6 20. Nc3 Rad8 21. Rhg1 Kh8 22. Rg6 {½-½ (38) Saric,I (2662)-Nisipeanu,L (2672) Heraklio 2017}) 13... O-O {LiveBook: 7 Games} 14. Rhe1 {[#]} Re8 $146 (14... b5 $1 $15 {[%mdl 512]}) ({Predecessor:} 14... b5 15. cxb5 cxb5 16. Kb1 b4 17. Qe2 Qa5 18. Ne5 Bd6 19. f4 Nb6 20. f5 Rfe8 {1-0 (45) Khruschiov,A (2400)-Grant,J (2218) Ohrid 2001}) 15. Bc3 {[#]} (15. Kb1 $11) 15... b5 $1 $15 {[%mdl 512]} 16. Ne5 (16. cxb5 cxb5) 16... bxc4 17. Nxc4 Nb6 18. Kb1 {[#]} Rb8 ({Better is} 18... Nxc4 $1 $17 19. Qxc4 Qd6) 19. Ka1 (19. Ne5 $15) 19... Nfd5 (19... Nxc4 $17 20. Qxc4 Qd5 21. Qxd5 cxd5) 20. Re4 (20. Ne5 $15) 20... Bf8 ({Black should play} 20... Qc7 $19 21. Ba5 c5) 21. Ne5 {[#]} (21. Rc1 $17 {is a better defense.}) 21... Qc7 (21... Na4 $1 $19 22. Rd2 Naxc3 23. bxc3 Qc7) 22. Nf1 $2 (22. Bd2 $17) 22... Na4 23. Nc4 c5 24. Ba5 Qc6 25. b3 $2 {[#]} (25. Nfd2 {was called for.}) 25... Nac3 $1 $19 {[%mdl 512]} 26. Ne5 (26. Bxc3 Nxc3) 26... Qb7 27. Bxc3 Nxc3 28. Rf4 (28. Qxc3 $142 Qxe4 29. dxc5) 28... Nxd1 29. Rxf7 Qb4 30. Qxd1 cxd4 {Threatens to win with ...Qc3+.} 31. Rf3 Qb5 32. Nd3 e5 33. Rf5 (33. Nd2 $142 e4 34. Rxf8+ Rxf8 35. Nxe4) 33... Rbc8 34. f4 Rc3 35. Nxe5 Ba3 {Precision: White = 16%, Black = 31%.} 0-1

[Event "22nd OIBM 2018"]
[Site "Gmund am Tegernsee"]
[Date "2018.10.27"]
[Round "1"]
[White "Farmani Anosheh, Yasha"]
[Black "Papp, Gabor"]
[Result "0-1"]
[WhiteElo "2128"]
[BlackElo "2591"]
[Annotator "TA"]
[PlyCount "107"]
[EventDate "2018.10.27"]
[EventType "swiss"]
[EventCountry "GER"]
[SourceTitle "playchess.com"]
[Source "ChessBase"]
[SourceQuality "1"]

{[%evp 11,107,65,181,0,0,0,0,-4,0,-4,-4,-22,0,-89,-88,-157,-163,-150,-155,-154,-160,-160,-152,-184,-169,-202,-189,-208,-205,-188,-141,-139,-139,-130,-101,-151,-158,-155,-91,-140,-131,-135,-126,-120,-89,-85,-75,-83,-22,-43,-35,-36,-43,-103,-51,-55,-32,-42,-20,-47,-25,-62,-25,-64,-42,-65,-65,-65,-21,-63,-53,-277,-264,-229,-214,-159,-113,-717,-718,-607,-467,-629,-654,-582,-577,-1305,-1257,-640,0,-742,0,0,0,0,0,0,0,0]} 1. d4 Nf6 2. c4 e6 3. Nf3 c5 4. Nc3 cxd4 5. Nxd4 b6 6. Ndb5 d6 {LiveBook: 5 Games. A32: Symmetrical English: 2 Nf3 Nf6 3 d4 cxd4 4 Nxd4 e6} (6... Bb4 $14) (6... Ba6 7. Qa4 Bxb5 8. Nxb5 Nc6 9. Nc3 Bb4 10. Bd2 O-O 11. e3 Bxc3 12. Bxc3 Ne4 13. Qc2 Nxc3 14. Qxc3 {0-1 (51) Zapata Ferrada,M (2423)-Henriquez Villagra,C (2463) Santiago de Chile 2015}) 7. Bg5 $2 (7. Bf4 $1 $18) 7... a6 $11 8. Bxf6 gxf6 9. Nd4 f5 $146 ({Predecessor:} 9... Bb7 10. Rg1 Nd7 11. e3 Rc8 12. Qh5 Qe7 13. O-O-O Ne5 14. b3 {0-1 (26) Radovanovic,D (1852)-Raicevic,I (2272) Nis 2014}) 10. e4 fxe4 $1 11. Nxe4 Bb7 12. Ng3 (12. Bd3 $11 {keeps the balance.}) 12... Qg5 $17 13. Qh5 ({White should play} 13. Rb1) 13... Qe5+ 14. Qxe5 dxe5 15. Nf3 Bb4+ 16. Nd2 Nc6 {[%cal Bb8c6,Bc6d4,Bd4e2][%mdl 32]} 17. O-O-O O-O-O 18. Be2 Nd4 19. Nf3 Nxe2+ 20. Nxe2 Bxf3 21. gxf3 Bc5 22. Rhf1 f5 23. Nc3 Rxd1+ 24. Nxd1 {[%mdl 4096] Endgame KRB-KRN} Rg8 (24... Rd8 $142 25. b3 Rd3) 25. Re1 Bd4 26. Ne3 Kd7 27. b3 Ke7 28. Kd2 Rg5 29. Ke2 f4 (29... Rh5 $17 30. Rh1 Rh3) 30. Nc2 Rg2 31. Nxd4 exd4 $15 {KR-KR} 32. h3 {[#]} (32. h4 $15) 32... Kd6 (32... Rh2 $1 $17) 33. Rh1 h5 34. Kf1 Rg8 (34... Rg5 {is interesting.} 35. Ke2 h4 36. a3 a5 37. b4 Rg2) 35. Ke2 e5 36. a3 a5 37. Rb1 Rg2 38. Kf1 Rg7 39. Ke2 Rg8 40. Kd3 Rg2 41. Ke2 $2 {[#]} ({White has to play} 41. Rf1 $15) 41... e4 $1 $19 {[%mdl 512]} 42. fxe4 Ke5 43. b4 {Hoping for bxa5.} Kxe4 44. Rb3 $2 {[%mdl 8192]} (44. Rf1 $17) 44... a4 45. Rd3 Rh2 46. c5 bxc5 47. bxc5 {White wants to play c6.} Rh1 48. Kd2 f3 49. Kc2 Rxh3 $2 (49... Rg1 $19 {...Rg5 is the strong threat.} 50. h4 Rg6) 50. Rd1 $2 {[%mdl 8192]} (50. c6 $11 Rh2 {[#]} 51. Rxf3 $1 {[%mdl 512]}) 50... Kd5 $2 (50... Rh2 $19 51. Rf1 Rg2) 51. Kd3 $11 {The position is equal.} Kxc5 {White must now prevent ...Rh2.} 52. Rc1+ Kb5 53. Rb1+ Ka5 54. Rg1 {[%mdl 32768] Precision: White = 38%, Black = 50%. . Loss on Time!?} 0-1

[Event "22nd OIBM 2018"]
[Site "Gmund am Tegernsee"]
[Date "2018.10.27"]
[Round "1"]
[White "Koelle, Tobias"]
[Black "Petrosyan, Manuel"]
[Result "0-1"]
[WhiteElo "2125"]
[BlackElo "2574"]
[Annotator "TA"]
[PlyCount "80"]
[EventDate "2018.10.27"]
[EventType "swiss"]
[EventCountry "GER"]
[SourceTitle "playchess.com"]
[Source "ChessBase"]
[SourceQuality "1"]

{[%evp 16,80,-14,-14,-13,-25,-16,-27,-18,-12,-14,-24,-6,-44,-42,-48,-45,-41,-16,-32,-24,-37,-15,-33,-29,-30,-26,-50,-50,-74,-57,-60,-65,-62,-56,-73,-46,-112,-113,-111,-127,-143,-51,-100,-106,-183,-186,-182,-174,-166,-177,-804,-392,-738,-713,-612,-62,-63,-61,-29982,-29983,-29983,-29984,-29984,-29985,-29981,-29973]} 1. d4 Nf6 2. c4 e6 3. Nf3 Bb4+ 4. Bd2 a5 5. Nc3 O-O 6. g3 d5 7. cxd5 exd5 8. Bg2 c6 9. O-O {LiveBook: 6 Games} Bf5 {A17: English Opening: 1...Nf6 with ...Bb4} 10. Nh4 $146 ({Predecessor:} 10. Rc1 Na6 11. Bf4 Nc7 12. Na4 Ne6 13. Be3 Be4 14. Qb3 Qe7 15. a3 Bd6 16. Rfd1 Ng4 17. Nc5 Bxc5 18. dxc5 {0-1 (46) Khademalsharieh,S (2294)-Elsness,F (2479) Reykjavik 2014}) 10... Be6 11. Qc2 Re8 {Black has an edge.} 12. Rfe1 Nbd7 13. Rad1 Nb6 14. b3 Qd7 15. a4 h6 16. Na2 Bxd2 17. Qxd2 Ne4 18. Qb2 Bh3 19. Nf3 Qf5 20. Nc3 Re7 21. Nxe4 dxe4 22. Nh4 Qd7 23. Bxh3 Qxh3 24. Ng2 $1 Nd5 25. Qc1 Rd8 26. Nf4 (26. Qc5 $15) 26... Nxf4 $17 27. Qxf4 Rd5 $1 28. f3 f5 (28... Qd7 $17 29. Qd2 e3) 29. Qb8+ Kh7 30. f4 (30. Qf4 $17) 30... h5 $19 31. Qf8 Re6 {[%cal Be7e6,Be6h6,Bh6h3][%mdl 32] Hoping for ...h4.} 32. Kh1 Qg4 33. Rd2 $2 (33. Qf7 Rh6 34. Qe7) 33... e3 (33... h4 $142 34. Rg1 e3) 34. Rd3 $2 {[#]} (34. Rdd1 h4 35. gxh4 Qxf4 36. Rf1) 34... h4 $1 {[%cal Rh4g3]} 35. Kg2 hxg3 $2 $40 {[%mdl 128] Black has some attack.} ({Black should play} 35... Qh5 $19 36. Qc8 {[#]} hxg3 $1 {[%mdl 512]}) 36. hxg3 $15 Rh6 37. Rxe3 $2 {[%mdl 8192]} (37. Qe7 $15) 37... Qh3+ {Black mates.} 38. Kf3 Qh5+ 39. Kg2 Qh2+ 40. Kf3 Rh3 {Precision: White = 27%, Black = 60%.} 0-1

[Event "22nd OIBM 2018"]
[Site "Gmund am Tegernsee"]
[Date "2018.10.27"]
[Round "1"]
[White "Wenner, Tobias"]
[Black "Fier, Alexandr"]
[Result "1/2-1/2"]
[WhiteElo "2119"]
[BlackElo "2558"]
[Annotator "ChessBase"]
[PlyCount "132"]
[EventDate "2018.10.27"]
[EventType "swiss"]
[EventCountry "GER"]
[SourceTitle "playchess.com"]
[Source "ChessBase"]
[SourceQuality "1"]
[TimeControl "40/5400+30:1800+30"]

1. Nf3 {[%emt 0:00:00]} Nf6 {[%emt 0:00:00]} 2. c4 {[%emt 0:00:00]} g6 {[%emt 0:00:00]} 3. g3 {[%emt 0:00:00]} Bg7 {[%emt 0:00:00]} 4. Bg2 {[%emt 0:00:00]} O-O {[%emt 0:00:03]} 5. O-O {[%emt 0:00:06]} d6 {[%emt 0:00:03]} 6. d4 {[%emt 0:00:04]} Nc6 {[%emt 0:00:04]} 7. Nc3 {[%emt 0:01:05]} Rb8 {[%emt 0:00:05]} 8. h3 {[%emt 0:05:08]} a6 {[%emt 0:02:12]} 9. Re1 {[%emt 0:00:51]} Re8 {[%emt 0:02:37]} 10. e4 {[%emt 0:01:21]} e5 {[%emt 0:00:31]} 11. dxe5 {[%emt 0:07:21]} Nxe5 {[%emt 0:00:35]} 12. Nxe5 {[%emt 0:00:22]} dxe5 {[%emt 0:00:05]} 13. Be3 {[%emt 0:14:07]} Be6 {[%emt 0:00:27]} 14. b3 {[%emt 0:03:51]} Nd7 {[%emt 0:03:18]} 15. Qe2 {[%emt 0:06:47]} c6 {[%emt 0:00:25]} 16. c5 {[%emt 0:03:52]} f5 {[%emt 0:03:05]} 17. Rac1 {[%emt 0:04:30]} Qf6 {[%emt 0:00:48]} 18. exf5 {[%emt 0:03:51]} gxf5 {[%emt 0:00:08]} 19. Red1 {[%emt 0:07:40]} Qg6 {[%emt 0:01:13]} 20. Kh2 {[%emt 0:02:54]} Nf6 {[%emt 0:00:48]} 21. Qc2 {[%emt 0:10:31]} h5 {[%emt 0:01:43]} 22. Rd6 {[%emt 0:02:39]} Bf8 {[%emt 0:00:42]} 23. Rdd1 {[%emt 0:02:15]} Re7 {[%emt 0:00:16]} 24. Rg1 {[%emt 0:01:07]} Rh7 {[%emt 0:00:27]} 25. Rgd1 {[%emt 0:08:28]} Kf7 {[%emt 0:01:20]} 26. f4 {[%emt 0:02:08]} e4 {[%emt 0:01:36]} 27. Qf2 {[%emt 0:03:36]} Be7 {[%emt 0:00:16]} 28. Bd4 {[%emt 0:00:58]} h4 {[%emt 0:00:19]} 29. Bxf6 {[%emt 0:01:29]} hxg3+ {[%emt 0:01:16]} 30. Qxg3 {[%emt 0:00:09]} Qxf6 {[%emt 0:00:07]} 31. Qe3 {[%emt 0:01:07]} Rg8 {[%emt 0:01:10]} 32. Bf1 {[%emt 0:02:12]} Qh6 {[%emt 0:00:57]} 33. Ne2 {[%emt 0:00:34]} Rhg7 {[%emt 0:00:26]} 34. Rd2 {[%emt 0:02:03]} Rg6 {[%emt 0:00:23]} 35. Rcc2 {[%emt 0:01:47]} Qg7 {[%emt 0:00:11]} 36. Rc1 {[%emt 0:00:30]} Rg2+ {[%emt 0:04:13]} 37. Kh1 {[%emt 0:00:02]} Bd5 {[%emt 0:00:06]} 38. Rcd1 {[%emt 0:01:10]} Bxc5 {[%emt 0:00:08]} 39. Rxd5 {[%emt 0:01:36]} Rg1+ {[%emt 0:11:36]} 40. Nxg1 {[%emt 0:00:57]} Qxg1+ {[%emt 0:00:04]} 41. Qxg1 {[%emt 0:30:04]} Rxg1+ {[%emt 0:30:03]} 42. Kh2 {[%emt 0:00:20]} cxd5 {[%emt 0:00:03]} 43. Rxd5 Bf2 44. Rxf5+ {[%emt 0:00:00]} Ke6 {[%emt 0:00:00]} 45. Re5+ {[%emt 0:00:00]} Kf6 {[%emt 0:00:00]} 46. Bg2 {[%emt 0:00:00]} e3 {[%emt 0:00:00]} 47. Bxb7 {[%emt 0:00:00]} Rg7 {[%emt 0:00:00]} 48. Bxa6 {[%emt 0:00:00]} Bg3+ {[%emt 0:00:00]} 49. Kh1 {[%emt 0:00:00]} Bxf4 {[%emt 0:00:00]} 50. Re4 {[%emt 0:00:00]} Kg5 {[%emt 0:00:00]} 51. a4 {[%emt 0:00:00]} Rd7 {[%emt 0:00:00]} 52. Bc4 {[%emt 0:00:00]} Rd2 {[%emt 0:00:00]} 53. Kg1 {[%emt 0:00:00]} Kf5 {[%emt 0:00:00]} 54. Re8 {[%emt 0:00:00]} Be5 {[%emt 0:00:00]} 55. Kf1 {[%emt 0:00:00]} Rf2+ {[%emt 0:00:00]} 56. Ke1 {[%emt 0:00:00]} Ra2 {[%emt 0:00:00]} 57. Kd1 {[%emt 0:01:18]} Kf4 {[%emt 0:00:00]} 58. Rf8+ {[%emt 0:01:07]} Kg3 {[%emt 0:00:00]} 59. Rg8+ {[%emt 0:02:14]} Kxh3 {[%emt 0:00:00]} 60. a5 {[%emt 0:01:05]} Bf4 {[%emt 0:00:00]} 61. a6 {[%emt 0:00:16]} Rd2+ {[%emt 0:00:00]} 62. Ke1 {[%emt 0:00:30]} Bg3+ {[%emt 0:00:00]} 63. Kf1 {[%emt 0:01:41]} Rf2+ {[%emt 0:00:00]} 64. Ke1 {[%emt 0:00:15]} Ra2+ {[%emt 0:00:00]} 65. Kf1 {[%emt 0:00:07]} Bh4 {[%emt 0:00:00]} 66. b4 {[%emt 0:01:29]} e2+ {[%emt 0:00:00]} 1/2-1/2

[Event "22nd OIBM 2018"]
[Site "Gmund am Tegernsee"]
[Date "2018.10.27"]
[Round "1"]
[White "Fehmer, Dirk"]
[Black "Mons, Leon"]
[Result "0-1"]
[WhiteElo "2116"]
[BlackElo "2554"]
[Annotator "TA"]
[PlyCount "73"]
[EventDate "2018.10.27"]
[EventType "swiss"]
[EventCountry "GER"]
[SourceTitle "playchess.com"]
[Source "ChessBase"]
[SourceQuality "1"]

{[%evp 9,73,0,0,0,0,-7,0,-6,-5,-19,0,-5,0,-16,-11,-13,-26,-3,-14,-11,-29,-17,0,-30,-30,-33,-39,-30,-36,-35,-27,-88,-88,-97,-97,-95,-94,-89,-91,-96,-97,-109,-109,-127,-127,-131,-120,-134,-131,-137,-128,-145,-130,-114,0,-149,-130,-134,-126,-123,-77,-227,-198,-229,-253,-1612]} 1. Nf3 Nf6 2. g3 d5 3. Bg2 c6 4. c4 Bf5 5. cxd5 cxd5 {LiveBook: 519 Games} 6. Nh4 $146 {A11: English Opening: 1...c6} ({Predecessor:} 6. O-O Nc6 7. d3 e6 8. Be3 Be7 9. Qb3 Qd7 10. Nd4 Nxd4 11. Bxd4 O-O 12. Nc3 Bg6 13. Rfd1 Bd6 14. Nb5 Bb8 15. Bxf6 gxf6 {½-½ (35) Aronian,L (2785)-Carlsen,M (2840) Doha 2016}) 6... Bg4 7. h3 Bd7 8. d4 {The position is equal.} e6 9. Nc3 Bb4 10. O-O O-O 11. Bg5 Bxc3 12. bxc3 Nc6 13. e4 dxe4 {[#]} 14. Bxe4 $1 {[%mdl 512]} h6 (14... Nxe4 15. Bxd8) 15. Bxf6 $1 Qxf6 16. Qf3 (16. Nf3 {looks sharper.} Rac8 17. Re1 b6 18. Re3 Qd8 19. Qe2) 16... Qxf3 17. Nxf3 Rac8 18. Rac1 Rfd8 19. Rfd1 Na5 20. c4 (20. d5 $11 {keeps the balance.}) 20... Ba4 $17 21. Re1 Rxc4 22. Rxc4 Nxc4 23. Bxb7 Nd6 24. Ba6 Nf5 25. Bb7 Nxd4 26. Nxd4 Rxd4 {[%mdl 4096] Endgame KRB-KRB} 27. Re3 Kf8 28. Rc3 Ke7 29. Kg2 g5 30. Kf3 Bd7 31. Ra3 Ba4 (31... Ra4 $17 32. Rxa4 Bxa4) 32. Ba6 (32. Rc3 $1 $11) 32... Kd6 33. Ke3 e5 34. Rd3 Kc5 35. Bb7 (35. Rc3+ $17 Kd6 36. Bc8) 35... Bb5 36. Ra3 f5 37. Rxa7 $2 {Precision: White = 34%, Black = 73%.} (37. Rc3+ Kd6 38. Ra3) 0-1

[Event "22nd OIBM 2018"]
[Site "Gmund am Tegernsee"]
[Date "2018.10.27"]
[Round "1"]
[White "Thrish Karthik"]
[Black "Halkias, Stelios"]
[Result "0-1"]
[WhiteElo "2116"]
[BlackElo "2544"]
[Annotator "TA"]
[PlyCount "110"]
[EventDate "2018.10.27"]
[EventType "swiss"]
[EventCountry "GER"]
[SourceTitle "playchess.com"]
[Source "ChessBase"]
[SourceQuality "1"]

{[%evp 12,110,33,34,39,34,37,24,24,24,24,17,19,0,0,-27,-13,-30,0,0,9,0,25,0,25,0,0,0,0,0,0,0,0,-14,0,-50,0,-54,-22,-22,-22,-48,-41,-49,-21,-26,-37,-54,-54,-54,-54,-319,-317,-361,-249,-345,-335,-412,-397,-12835,-12836,-12837,-12837,-12837,-12838,-12838,-12839,-12840,-12840,-12838,-12839,-12840,-12839,-12841,-12841,-12841,-12841,-12843,-12842,-12843,-12843,-12844,-12844,-12845,-12843,-12845,-12846,-12851,-29982,-29982,-29983,-29983,-29983,-29983,-29983,-29983,-29984,-29985,-29985,-29985,-29983]} 1. e4 c6 2. d4 d5 3. exd5 cxd5 4. Nf3 Nc6 5. Bf4 Bg4 (5... Bf5 6. c3 e6 7. Qb3 Qd7 8. Nbd2 f6 9. Be2 g5 10. Bg3 h5 11. h4 g4 12. Ng1 Nh6 13. Bb5 {1-0 (60) Ni,H (2671)-Riazantsev,A (2650) Riadh 2017}) 6. c3 {B13: Caro-Kann: Exchange Variation and Panov-Botvinnik Attack} Bxf3 7. Qxf3 {LiveBook: 3 Games} e6 8. Nd2 {White is slightly better.} Bd6 9. Bxd6 Qxd6 10. Qg3 $146 ({Predecessor:} 10. Bb5 Nf6 11. O-O O-O 12. Bxc6 Qxc6 13. Rfe1 {0-1 (52) Tungalag,N (2131)-Tran,T (2152) Manila 2001}) 10... Qxg3 11. hxg3 Nf6 12. Bb5 Ke7 13. Bxc6 (13. a4 {seems wilder.} h5 14. a5 Rac8 15. f3 Nb8 16. a6) 13... bxc6 14. Ke2 Rhb8 15. b4 h6 16. f3 Kd6 (16... a5 $5 {[%cal Ra5b4]}) 17. Kd3 Nd7 18. a3 Nb6 19. c4 Nxc4 20. Nxc4+ dxc4+ 21. Kxc4 $11 {[%mdl 4096] Endgame KRR-KRR} a5 22. Rhb1 Rb5 23. Re1 f6 24. Reb1 ({White should try} 24. g4 $11) 24... Rg5 25. g4 h5 26. gxh5 Rxg2 27. Rg1 Rc2+ 28. Kd3 Rh2 29. bxa5 Rxh5 30. Rxg7 Rhxa5 31. Rh1 $2 {[%mdl 8192] [#]} (31. a4 $15) 31... Rxa3+ $19 32. Ke4 f5+ 33. Kf4 R8a4 34. Rd1 c5 35. Rg8 $2 {[#]} (35. Re1 Rxd4+ 36. Kg5) 35... Rxd4+ 36. Rxd4+ cxd4 {KR-KR} 37. Rd8+ Kc5 38. Rc8+ Kd5 39. Rd8+ Kc4 40. Rc8+ Kd3 41. Rc6 Ra5 42. Rxe6 Kc2 43. Rd6 Kc3 44. Rd8 Rc5 45. Kg3 d3 46. Kf4 d2 47. Ke3 Re5+ 48. Kf4 Re1 49. Kxf5 d1=Q 50. Rxd1 {Black mates.} Rxd1 {KR-KP} 51. Ke5 Re1+ 52. Kd5 Rf1 53. Ke4 Kc4 54. f4 Kc5 55. Ke5 Kc6 {Precision: White = 26%, Black = 67%.} 0-1